000 01103nam a2200289 a 4500
001 000009538
005 20251120073732.0
008 090902s1977 dr 000 p spa d
040 _aDO-SdBNP
_bspa
_cBNPHU
082 _aRD861.4409
_bR789p
100 1 _aRosario Candelier, Bruno,
_d1941-
_9851
245 1 0 _aLo popular y lo oculto en la poesía dominicana /
_cBruno Rosario Candelier.
260 _aSantiago de los Caballeros, República Dominicana :
_bUCMM,
_c1977.
300 _a372 p. ;
_c24 cm.
490 1 _aEstudios
500 _aIncluye datos biográficos del autor en la contracubierta.
500 _aIncluye bibliografía y notas al pie de páginas.
504 _aBibliografía: p.365-372.
590 _aInventariado, 2019/LP
650 4 _aPoesía dominicana
_xHistoria y crítica
_913072
650 0 _aEnsayos dominicanos
_965
650 4 _aAutores dominicanos
_xCrítica e interpretación
_9158
650 0 _aLiteratura dominicana.
_967
710 2 _aPontificia Universidad Católica Madre y Maestra
_9843
830 0 _aEstudios
_93854
910 _aValidado. Control de calidad EMS.
999 _c9298
_d9298